| 000 | 01609cam a22004217a 4500 | ||
|---|---|---|---|
| 003 | CHAP | ||
| 005 | 20220817043616.0 | ||
| 008 | 000203d1999 mx r 00110 spa d | ||
| 010 | _a79685 | ||
| 011 | _a80657 | ||
| 035 | _a91108 | ||
| 040 | _cCHAP | ||
| 090 | _aTesis | ||
| 100 | 0 | 0 |
_aVargas García, Juan. _9118014 |
| 245 | 1 | 0 |
_aInfluencia de extractos vegetales de follaje seco sobre el hábito alimenticio de la conchuela del frijol, Epilachna varivestis Mulsant. (Coleoptera: coccinellidae) _c/por Juan Vargas García |
| 260 |
_aChapingo, Méx. : _bEl autor, _c1999. |
||
| 300 |
_a29 h. : _bcuadros |
||
| 502 | _aTesis (Ing. Agr. Esp. en Parasitología Agrícola) -- UACH. Departamento de Parasitología Agrícola | ||
| 590 |
_aALEPH _b10 _c20130110 _lUCH01 _h1433 |
||
| 590 |
_aBATCH-UPD _b10 _c20130110 _lUCH01 _h0128 |
||
| 590 |
_aBATCH-UPD _b10 _c20130110 _lUCH01 _h1629 |
||
| 590 |
_aBATCH-UPD _b10 _c20130409 _lUCH01 _h2122 |
||
| 590 |
_aBATCH-UPD _b10 _c20130914 _lUCH01 _h1136 |
||
| 590 |
_aCONVERSION _b10 _c20130109 _lUCH01 _h1344 |
||
| 650 | 1 | 4 |
_aDatura stramonium. _931132 |
| 650 | 1 | 4 | _aEpilachna varivestis. |
| 650 | 1 | 4 |
_aExtractos vegetales. _939214 |
| 650 | 1 | 4 |
_aFrijol _xPlagas. _943415 |
| 650 | 1 | 4 |
_aLepidium virginicum. _966251 |
| 650 | 1 | 4 |
_aPlantas insecticidas. _989010 |
| 650 | 1 | 4 |
_aRepelentes y atrayentes de insectos. _995985 |
| 901 | _aBK | ||
| 905 | _aMayto Villalobos S. | ||
| 942 | _cFOLL | ||
| 949 |
_bBC _cTES _d33724000745827 _eTS2 _fc.2 _h34812 _i91108 _sb |
||
| 949 |
_bBC _cTES _d33724000761151 _eTS2 _fc.3 _h35722 _i91108 _sb |
||
| 949 |
_bBC _cTES _d911081 _eTS1 _h34811 _i91108 _sb |
||
| 999 |
_c79685 _d79685 |
||